| Tag |
First Indicator |
Second Indicator |
Subfields |
| LEADER |
00000cam a2200000 a 4500 |
| 001 |
in00002162849 |
| 006 |
m e d # |
| 007 |
cr mn mmmmabba |
| 008 |
820430s1775 maua s 000 0 eng d |
| 005 |
20260330215135.8 |
| 035 |
|
|
|z w000305
|
| 035 |
|
|
|a MAAR8204304405B
|
| 035 |
|
|
|9 mwa91-2710
|
| 035 |
|
|
|a 328573
|
| 035 |
|
|
|a aas03000305
|
| 040 |
|
|
|a MWA
|c MWA
|e bdrb
|d UtOrBLW
|
| 245 |
0 |
2 |
|a A Song composed by the British soldiers, after the battle at Bunker-Hill, on the 17th day of June, 1775.
|
| 264 |
|
3 |
|a [Boston] :
|b [Printed at Draper's printing-office],
|c [1775]
|
| 300 |
|
|
|a 1 sheet (1 unnumbered page) :
|b illustrations (relief cut) ;
|c 41 x 17 cm.
|
| 336 |
|
|
|a text
|b txt
|2 rdacontent
|
| 337 |
|
|
|a computer
|b c
|2 rdamedia
|
| 338 |
|
|
|a online resource
|b cr
|2 rdacarrier
|
| 500 |
|
|
|a Song in twelve stanzas; first line: It was on the seventeenth by break of day, the Yankees did surprise us.
|
| 500 |
|
|
|a Imprint supplied by Evans.
|
| 500 |
|
|
|a Relief cut of a battle at head of title; printed area measures 32.5 x 13.1 cm.
|
| 500 |
|
|
|a One of two editions, very similar in appearance. In the present edition (Evans 14465), there is no comma after the word "Song" in the title, and the fourth line of the sixth stanza begins: O'er hills & dales & mountains high. Another edition (Bristol B4119; Shipton & Mooney 42939) has a comma after "Song" in the title, and the fourth line of the sixth stanza begins: O'er hills and dales & mountains high.
|
| 510 |
4 |
|
|a Evans
|c 14465
|
| 510 |
4 |
|
|a Ford, W.C. Broadsides,
|c 1934
|
| 530 |
|
|
|a Microform version available in the Readex Early American Imprints series.
|
| 533 |
|
|
|a Electronic text and image data.
|b [Chester, Vt. :
|c Readex, a division of Newsbank, Inc.,
|d 2002-2004.
|e Includes files in TIFF, GIF and PDF formats with inclusion of keyword searchable text.
|f (Early American imprints. First series ; no. 14465).
|
| 500 |
|
|
|a Electronic resource.
|
| 650 |
|
0 |
|a Bunker Hill, Battle of, Boston, Mass., 1775.
|
| 651 |
|
0 |
|a United States
|x History
|y Revolution, 1775-1783
|v Songs and music.
|
| 651 |
|
0 |
|a United States
|x History
|y Revolution, 1775-1783
|x Campaigns.
|
| 655 |
|
7 |
|a Broadsides.
|2 rbgenr
|
| 655 |
|
7 |
|a Songs.
|2 rbgenr
|
| 752 |
|
|
|a United States
|b Massachusetts
|d Boston.
|
| 830 |
|
0 |
|a Early American imprints.
|n Series I,
|p Evans (1639-1800) ;
|v no. 14465.
|
| 856 |
4 |
1 |
|u http://proxy.library.tamu.edu/login?url=https://opac.newsbank.com/select/evans/14465
|y Evans Digital Edition
|t 0
|
| 999 |
|
|
|a MARS
|
| 999 |
f |
f |
|s 45398e85-f1d1-3a26-a719-c000656d25c0
|i 33e01ed1-b3d6-3437-836f-98a2ffc1f3ed
|t 0
|
| 952 |
f |
f |
|a Texas A&M University
|b College Station
|c Electronic Resources
|s www_evans
|d Available Online
|t 0
|h No information provided
|
| 998 |
f |
f |
|t 0
|l Available Online
|